00366nam a2200133Ia 4500008004100000020001800041245002600059250000600085260000900091500002400100942000700124952008400131999001700215230524s9999 xx 000 0 und d a9788183335416 0aPython Training Guide a1 bBPB  aQuantity Number: 1 cBK 00104070aTATCLbTATCLcGENd2023-05-24l0p57474r2023-05-24w2023-05-24yBK c59570d59570